| 000 | 00455nam a2200181Ia 4500 | ||
|---|---|---|---|
| 001 | 734 | ||
| 005 | 20260306140539.0 | ||
| 008 | 260306t1997||||xx |||||||||||||| ||spa|| | ||
| 041 | _aESP | ||
| 082 |
_a149.91 _bC87 |
||
| 100 |
_aCravero, José Mario Juan _eAUT |
||
| 245 | 0 | _aEl tomismo en la filosofía contemporánea de la economía | |
| 260 | _c1997 | ||
| 300 |
_a84 páginas : _c24 cm. |
||
| 650 | _aGEN | ||
| 654 | _aCHU | ||
| 942 |
_cLIB _dJUS _fJUS _2ddc _n |
||
| 999 |
_c734 _d734 |
||